<?xml version="1.0" encoding="UTF-8"?>
<marc:record xmlns:marc="http://www.loc.gov/MARC21/slim">
   <marc:leader>00000nam a2200000 a 4500</marc:leader>
   <marc:datafield ind1="1" ind2=" " tag="100">
      <marc:subfield code="a">Fried, Erich</marc:subfield>
      <marc:subfield code="4">aut</marc:subfield>
      <marc:subfield code="e">Verfasser/-in</marc:subfield>
   </marc:datafield>
   <marc:datafield ind1=" " ind2=" " tag="653">
      <marc:subfield code="a">Liebesgedichte</marc:subfield>
   </marc:datafield>
   <marc:datafield ind1="0" ind2="0" tag="245">
      <marc:subfield code="a">Als ich mich nach dir verzehrte</marc:subfield>
   </marc:datafield>
   <marc:datafield ind1="0" ind2="0" tag="245">
      <marc:subfield code="b">Gedichte von der Liebe</marc:subfield>
   </marc:datafield>
   <marc:datafield ind1=" " ind2="1" tag="264">
      <marc:subfield code="a">Berlin</marc:subfield>
      <marc:subfield code="b">Wagenbach</marc:subfield>
      <marc:subfield code="c">1990</marc:subfield>
   </marc:datafield>
   <marc:datafield ind1="1" ind2=" " tag="520">
      <marc:subfield code="a">Strauch mit herzförmigen Blättern - Als ich mich nach dir verzehrte - Reine und angewandte Dichtung - vorübungen für ein Wunder - Kein Unterschlupf - enthüllung - Krank - Durcheinander - Die Nichtnure - Nur küssen - Liebe auf den ersten Blick - In Gedanken - Wintergarten - Triptychon - Erwartung - Der Weg zu dir - Philomel' mit Melodey - Birnenliebe - Augenschein - Schwein des anstoßes - Zum Beispiel - Was es ist - Leilied bei Ungewinster - Das Herz in Wirklichkeit - Fester Vorsatz - Zuflucht - Dich - Ich - Du - Hölderin an Susette Gontard - Von deiner inneren Freiheit - Aber solange ich atme - Einer ohne Schwefelhölzer - Worte - Liebesbeziehungslosigkeit - Ungeplant - Tntmystifzierung des Sex - An eine Nervensäge - Zwischenspiel - Alte Andacht - Was ist Leben? Das richtige Wort - Das Unmögliche - Sucht - Ein Fußfall - Nachtgedicht - Gedankenfreiheit - Liebesgedicht - Wollen - Inschrift - Was? - "Eros, Allsieger im Kampf" - Auf der Heimfahrt nach Ithaka - Bereitsein war alles - Auf- und Abrechnung - Wie du solltest geküsst sein - Von einem Sündenfall - NUr nicht - Seither - Auch das - Herbst Nachhalt - Ich träume - Fragen und antworten - Die Liebe und wir - Liebesgedicht für Freiheit - Die Baumprinzessin spricht - Schwache Stunde - Gegengedicht zu "Schwache Stunde" - Letzter guter Rat - Liebe? - Bevor ich sterbe</marc:subfield>
   </marc:datafield>
   <marc:datafield ind1="3" ind2=" " tag="024">
      <marc:subfield code="a">3803111196</marc:subfield>
   </marc:datafield>
</marc:record>
